| 000 | 01003cam a22002894a 4500 | ||
|---|---|---|---|
| 005 | 20260322212026.0 | ||
| 008 | data | ||
| 010 | _a 99057936 | ||
| 020 | _a0310200342 (softcover) | ||
| 020 | _a9780310200345 (softcover) | ||
| 040 |
_aDLC _cDLC _dDLC |
||
| 042 | _apcc | ||
| 050 | 0 | 0 |
_aHQ801 _b.C59 2000 |
| 082 | 0 | 0 |
_a646.7/7 _221 |
| 092 | _a646.7 C59 2000 | ||
| 100 | 1 | _aCloud, Henry. | |
| 245 | 1 | 0 |
_aBoundaries in dating : _bmaking dating work / _cHenry Cloud & John Sims Townsend. |
| 260 |
_aGrand Rapids, Mich. : _bZondervanPublishingHouse, _cc2000. |
||
| 300 |
_a280 p. ; _c21 cm. |
||
| 650 | 0 | _aDating (Social customs) | |
| 650 | 0 |
_aDating (Social customs) _xChristianity. _xChristianity. |
|
| 650 | 0 |
_aSingle people _xConduct of life. |
|
| 700 | 1 |
_aTownsend, John Sims, _d1952- |
|
| 856 | 4 | 1 |
_3Table of contents only _uhttp://www.loc.gov/catdir/enhancements/fy0633/99057936-t.html |
| 856 | 4 | 2 |
_3Publisher description _uhttp://www.loc.gov/catdir/enhancements/fy0633/99057936-d.html |
| 001 | data | ||
| 999 |
_c592 _d592 |
||